Music in Shakespearean tragedy / (Record no. 8579)
[ view plain ]
| 000 -LEADER | |
|---|---|
| fixed length control field | 00376cam a2200145ua 4500 |
| 041 ## - LANGUAGE CODE | |
| Language code of text/sound track or separate title | eng |
| 082 ## - DEWEY DECIMAL CLASSIFICATION NUMBER | |
| Classification number | 828.09 |
| Item number | STE/MU |
| 100 ## - MAIN ENTRY--AUTHOR NAME | |
| Personal name | Sternfeld, F.W . |
| 245 ## - TITLE STATEMENT | |
| Title | Music in Shakespearean tragedy / |
| 260 ## - PUBLICATION, DISTRIBUTION, ETC. (IMPRINT) | |
| Place of publication | London : |
| Name of publisher | Routledge & Kegan Paul Ltd , |
| Year of publication | 1963. |
| 300 ## - PHYSICAL DESCRIPTION | |
| Number of Pages | 334 ; . |
| 942 ## - ADDED ENTRY ELEMENTS (KOHA) | |
| Koha item type | Books |
| Withdrawn status | Lost status | Damaged status | Home library | Current library | Date acquired | Cost, normal purchase price | Full call number | Accession Number | Koha item type | Public note |
|---|---|---|---|---|---|---|---|---|---|---|
| Withdrawn | KAUAET | Malayalam University | 07/04/2012 | 45.00 | 828.09 | 6808 | Books | Transferred to Malayalam University |
